| 000 | 01338nam2a2200265 4500 | ||
|---|---|---|---|
| 001 | RU\NLR\BIBL_A\022345646 | ||
| 005 | 20241101173040.0 | ||
| 010 |
_a978-5-389-25471-8 _912000 |
||
| 021 |
_aRU _bАЛ-П-24-00725и _9АЛ-П-24-0154 |
||
| 035 | _a(NLR Aleph) 022345646 | ||
| 090 |
_a13259291 _c13259291 |
||
| 100 | _a20241008d2023 u y0rusy50 ca | ||
| 101 | 1 |
_arus _cjpn |
|
| 102 | _aRU | ||
| 105 | _aa t 000ay | ||
| 200 | 1 |
_aХранитель правды _f[пер. с яп. Д. Шлобин] |
|
| 210 | _d2023 | ||
| 215 |
_a614, [9] с. _cил. |
||
| 327 | 1 | _aСодерж.: Т. 43: Хранитель правды; Т. 44: Обучение сэндзюцу!..; Т. 45: Поле битвы - Листва!!! | |
| 461 | 0 |
_1001RU\NLR\BIBL_A\012568078 _12001#$aНаруто$e[манга]$fМасаси Кисимото$g[перевод с японского Екатерины Рябовой, Наталии Саватюгиной]$vКн. 15 _1700#1$aКисимото$bМ.$gМасаси$3RU\NLR\AUTH\7784335 _912482229 _aКисимото, М. (1974-) _cСанкт-Петербург [и др.] _d2021- _fМасаси Кисимото _nАзбука [и др.] _o[манга] _tНаруто _vКн. 15 |
|
| 942 | _cBOOK | ||
| 980 | _aNB | ||